Храм Успения Пресвятой Богородицы в Архангельском-Тюрикове, 1755-2015 (Запись № 10412869)

Подробности
000 -МАРКЕР
контрольное поле 01825nam0a2200361 i 4500
001 - ИДЕНТИФИКАТОР ЗАПИСИ
контрольное поле RU\NLR\BIBL_A\010859258
005 - ИДЕНТИФИКАТОР ВЕРСИИ
контрольное поле 20260407123441.0
010 ## - МЕЖДУНАРОДНЫЙ СТАНДАРТНЫЙ НОМЕР КНИГИ (ISBN)
Номер (ISBN) 9785902884101
Тираж 3000
021 ## - НОМЕР ГОСУДАРСТВЕННОЙ РЕГИСТРАЦИИ
Код страны российская федерация
Номер 15-67326
035 ## - ДРУГИЕ СИСТЕМНЫЕ НОМЕРА
Идентификатор записи (NILC)RuMoRGB-008012522
035 ## - ДРУГИЕ СИСТЕМНЫЕ НОМЕРА
Идентификатор записи (NLR Aleph) 010859258
100 ## - ДАННЫЕ ОБЩЕЙ ОБРАБОТКИ
Данные общей обработки 20151012d2015 um y0rusy50 ca
101 0# - ЯЗЫК РЕСУРСА
Язык текста, звукозаписи и т.д. русский
102 ## - СТРАНА ПУБЛИКАЦИИ ИЛИ ПРОИЗВОДСТВА
Страна публикации российская федерация
105 ## - ПОЛЕ КОДИРОВАННЫХ ДАННЫХ: ТЕКСТОВЫЕ МАТЕРИАЛЫ, МОНОГРАФИЧЕСКИЕ
Кодированные данные о монографическом текстовом документе ach|z|||000yy
200 1# - ЗАГЛАВИЕ И СВЕДЕНИЯ ОБ ОТВЕТСТВЕННОСТИ
Основное заглавие Храм Успения Пресвятой Богородицы в Архангельском-Тюрикове, 1755-2015
Первые сведения об ответственности [сост. Дмитрий Орлов
Последующие сведения об ответственности ред. протоиер. Константин Буфеев]
205 ## - СВЕДЕНИЯ ОБ ИЗДАНИИ
Сведения об издании Изд. 2-е, испр. и доп.
210 ## - ПУБЛИКАЦИЯ, РАСПРОСТРАНЕНИЕ И ДР.
Место издания, распространения и т.д. Москва
Имя издателя, распространителя и т. д. Изд-во Миссионерско-Просветительского Центра "Шестодневъ"
Дата издания, распространения и т.д. 2015
215 ## - ФИЗИЧЕСКАЯ ХАРАКТЕРИСТИКА
Специфическое обозначение материала и объем 239, [1] с., [36] л. ил., цв. ил., портр.
Другие сведения о физической характеристике ил., портр., табл., факс.
Размеры 22
320 ## - ПРИМЕЧАНИЯ О НАЛИЧИИ В ДОКУМЕНТЕ БИБЛИОГРАФИИ / УКАЗАТЕЛЯ
Текст примечания Библиогр. в подстроч. примеч.
601 02 - НАИМЕНОВАНИЕ ОРГАНИЗАЦИИ КАК ПРЕДМЕТ
Начальный элемент ввода Храм Успения Пресвятой Богородицы
Идентифицирующий признак Архангельское-Тюриково, село; Московская область
Системный номер авторитетной/нормативной записи 2403175
Идентификатор авторитетной/нормативной записи RU\NLR\AUTH\661432365
686 2# - ИНДЕКСЫ ДРУГИХ КЛАССИФИКАЦИЙ
Индекс Э372.24-655
702 #1 - ИМЯ ЛИЦА - ВТОРИЧНАЯ ОТВЕТСТВЕННОСТЬ
Код отношения Составитель
Материалы, к которым относится поле rus
Графика поля Кириллица
Начальный элемент ввода Орлов
Часть имени, кроме начального элемента ввода Д. Б.
Дополнения к именам, кроме дат краевед
Расширение инициалов личного имени Дмитрий Б.
Идентификатор авторитетной/нормативной записи RU\NLR\AUTH\7731524
Системный номер авторитетной/нормативной записи 14534
702 #1 - ИМЯ ЛИЦА - ВТОРИЧНАЯ ОТВЕТСТВЕННОСТЬ
Начальный элемент ввода Буфеев
Часть имени, кроме начального элемента ввода К.
Расширение инициалов личного имени Константин
Код отношения Редактор
712 02 - НАИМЕНОВАНИЕ ОРГАНИЗАЦИИ - ВТОРИЧНАЯ ОТВЕТСТВЕННОСТЬ
Код отношения Прочие
Начальный элемент ввода Храм Успения Пресвятой Богородицы
Идентифицирующий признак с. Архангельское-Тюриково, Московская обл.
Идентификатор авторитетной/нормативной записи RU\NLR\AUTH\8810072776
Системный номер авторитетной/нормативной записи 647586
801 #0 - ИСТОЧНИК ЗАПИСИ
Страна российская федерация
Организация РГБ
Дата составления 20150903
Правила каталогизации RCR
942 ## - ДОПОЛНИТЕЛЬНЫЕ ЭЛЕМЕНТЫ ЗАПИСИ (АБИС)
Тип экземпляра АБИС Книга
980 ## - КОЛЛЕКЦИЯ
Название коллекции НБР

Нет доступных экземпляров.